[Event "SVR-op"]
[Site "Hennweiler"]
[Date "2018.03.25"]
[Round "3"]
[White "Burg, Karl Josef"]
[Black "Wohde, Guenter"]
[Result "1-0"]
[WhiteElo "1600"]
[BlackElo "1132"]
[PlyCount "75"]
[EventDate "2018.03.24"]
[EventType "swiss"]
[EventRounds "7"]
[EventCountry "GER"]
[SourceTitle "EXT 2020"]
[Source "ChessBase"]
[SourceDate "2019.10.17"]
[SourceVersion "1"]
[SourceVersionDate "2019.10.17"]
[SourceQuality "1"]

1. d4 Nf6 2. c4 e6 3. Nc3 Nc6 4. Nf3 g6 5. e4 d6 6. Be2 Bg7 7. 0-0 0-0 8. Bg5 e5 9. d5 Ne7 10. Qd2 c6 11. Rac1 c5 12. Ne1 Re8 13. Bh6 Bf8 14. Bxf8 Rxf8 15. f4 Bg4 16. Bxg4 Nxg4 17. h3 Nf6 18. fxe5 Nh5 19. g4 Ng7 20. Qf4 dxe5 21. Qxe5 f6 22. Rxf6 Rxf6 23. Qxf6 Qf8 24. e5 Nc8 25. Qxf8+ Kxf8 26. Nd3 Nb6 27. b3 Rc8 28. Rf1+ Ke7 29. Ne4 h5 30. Nexc5 hxg4 31. hxg4 Rb8 32. Nf4 Kf7 33. Nh5+ Kg8 34. Nf6+ Kh8 35. Kg2 Ne8 36. Rh1+ Kg7 37. Rh7+ Kf8 38. Ne6# 1-0

[Event "SVR op"]
[Site "Nickenich"]
[Date "2015.03.28"]
[Round "1"]
[White "Burg, Karl Josef"]
[Black "Keller, Gerhard"]
[Result "1-0"]
[WhiteElo "1468"]
[BlackElo "1910"]
[PlyCount "91"]
[EventDate "2015.03.28"]
[EventType "swiss"]
[EventRounds "7"]
[EventCountry "GER"]
[SourceTitle "EXT 2016"]
[Source "ChessBase"]
[SourceDate "2015.10.08"]
[SourceVersion "1"]
[SourceVersionDate "2015.10.08"]
[SourceQuality "1"]

1. d4 Nf6 2. c4 d6 3. Nf3 g6 4. Nc3 Bg7 5. e3 0-0 6. Be2 c6 7. Qc2 Qc7 8. 0-0 e5 9. dxe5 dxe5 10. e4 Qe7 11. Bg5 h6 12. Bxf6 Bxf6 13. Rad1 Be6 14. a3 Nd7 15. b4 Bg7 16. Qd2 a5 17. bxa5 Qxa3 18. Ra1 Qc5 19. Rfb1 Rxa5 20. Rxa5 Qxa5 21. Rxb7 Nc5 22. Rb2 Rd8 23. Qc2 Kh7 24. Ra2 Qc7 25. Nd1 f5 26. Nd2 Qd7 27. f3 Qd4+ 28. Kf1 Rb8 29. Nf2 h5 30. exf5 Bxf5 31. Nfe4 Rb7 32. h3 Kh6 33. g4 hxg4 34. hxg4 Bc8 35. Nxc5 Qxc5 36. Ne4 Qe3 37. Bd1 Qf4 38. Qg2 Kh7 39. Ra8 Rc7 40. Qh3+ Kg8 41. Qh4 Qf8 42. Ng5 Bf6 43. c5 Qe7 44. Bb3+ Kf8 45. Qh6+ Bg7 46. Qxg6 1-0